ბათუმის შოთა რუსთაველის სახელმწიფო უნივერსიტეტის ბიბლიოთეკა

ფოლადის მეხთატეხაში: (ბიბ.ჩანაწერი № 60458)

000 -ლიდერი
ფიქსირებული სიგრძის საკონტროლო ველი 01558nam a22002297a 4500
003 - საკონტროლო ნომრის იდენტიფიკატორი
საკონტროლო ველი Ge_BSU
005 - ბოლო ოპერაციის თარიღი და დრო
საკონტროლო ველი 20230724122453.0
008 - ფიქსირებული სიგრძის მონაცემთა ელემენტები - ზოგადი ინფორმაცია
ფიქსირებული სიგრძის საკონტროლო ველი 230724s2022ge xxu||||| |||| 00| 0 geo d
020 ## - წიგნის საერთაშორისო სტანდარტული ნომერი
International Standard Book Number 9789941844379
041 ## - ენის კოდი
Language code of text/sound track or separate title geo
080 ## - უნივერსალური ათობითი კლასიფიკაციის ინდექსი
Universal Decimal Classification number 821.112.2.03-353.1ი-93
100 ## - მთავარი ჩანაწერი - პიროვნების სახელი
Personal name იუნგერი, ერნსტ, 1895-1998, ავტორი.
9 (RLIN) 19498
245 ## - ცნობა სათაურის შესახებ
Title ფოლადის მეხთატეხაში:
Remainder of title [რომანი] /
Statement of responsibility, etc ერნსტ იუნგერი ; გერმანულიდან თარგმნა მაია გოგოლაძემ ; რედაქტორი და გამომცემელი დათო ბარბაქაძე.
300 ## - ფიზიკური აღწერა
Extent 372 გვ. ;
Other physical details 20.5 სმ.
500 ## - ზოგადი შენიშვნა
General note ყდაზე: ვილჰელმ კოლჰოფი, ელემენტარული ძალა (1917).
დაიბეჭდა ტიპოსკრიატის უფლებით.
გამოცემა ფინანსურად უზრუნველყოფილია ნაწილობრივ მთარგმნელის, ნაწილობრივ - Gitte Walthers-ის მიერ.
653 ## - INDEX TERM--UNCONTROLLED
Uncontrolled term ფოლადის მეხთატეხაში
653 ## - INDEX TERM--UNCONTROLLED
Uncontrolled term რომანი
700 ## - ADDED ENTRY--PERSONAL NAME
Personal name გოგოლაძე, მაია
Relator term მთარგმნელი
9 (RLIN) 11183
700 ## - ADDED ENTRY--PERSONAL NAME
Personal name ბარბაქაძე, დათო
Relator term რედაქტორი
9 (RLIN) 19499
773 ## - HOST ITEM ENTRY
Title ნაჩუქარი
942 ## - ADDED ENTRY ELEMENTS (KOHA)
Source of classification or shelving scheme
Koha item type წიგნი
ეგზემპლარები
ჩამოწერის სტატუსი დაკარგული ეგზემპლარის სტატუსი კლასიფიკაციის წყარო ან თაროზე გაწყობის სქემა დაზიანების სტატუსი არ გაიცემა მუდმივი მდებარეობა (დაცვის ადგილი) ამჟამინდელი ადგილსამყოფელი თაროზე განთავსების ადგილი შეძენის თარიღი ღირებულება, შესყიდვის ნორმალური ფასი სრული შენახვის შიფრი შტრიხკოდი ბოლო ოპერაციის თარიღი ეგზემპლარის მიმდევრობითი ნომერი (კეტერი?) ფასის ძალაში შესვლის თარიღი ეგზემპლარის სახეობა საჯარო შენიშვნა
          ბათუმის შოთა რუსთაველის სახელმწიფო უნივერსიტეტის მთავარი ბიბლიოთეკა ბათუმის შოთა რუსთაველის სახელმწიფო უნივერსიტეტის მთავარი ბიბლიოთეკა წიგნსაცავი 2023-07-24 8.00 821.112.2.03-353.1ი-93 65023 2023-07-24 65023 2023-07-24 წიგნი 8.00